[Event "Basel op 25th"]
[Site "Basel"]
[Date "2022.10.08"]
[Round "3"]
[White "Sutter, Oliver"]
[Black "Mata, Adilson"]
[Result "1-0"]
[WhiteElo "2315"]
[BlackElo "1909"]
[PlyCount "63"]
[EventDate "2022.10.07"]
[EventType "swiss"]
[EventRounds "5"]
[EventCountry "SUI"]
[SourceTitle "CBM 210 Extra"]
[Source "ChessBase"]
[SourceDate "2022.11.30"]
[SourceVersion "1"]
[SourceVersionDate "2022.11.30"]
[SourceQuality "1"]

1. d4 d5 2. c4 c6 3. Nf3 Nf6 4. Nc3 e6 5. e3 Nbd7 6. Bd3 dxc4 7. Bxc4 b5 8. Be2 Bb7 9. 0-0 Be7 10. e4 b4 11. e5 bxc3 12. exf6 gxf6 13. bxc3 c5 14. Rb1 Bc6 15. c4 Be4 16. Rb5 a6 17. Rb2 cxd4 18. Qxd4 Nc5 19. Qe3 Rg8 20. Rd1 Qc7 21. g3 Rd8 22. Rxd8+ Qxd8 23. Nd2 Bd3 24. Bf3 Qc7 25. Nb3 Bf5 26. Nxc5 Bxc5 27. Qb3 Ke7 28. Be3 Rc8 29. Qc3 Qd6 30. Rb7+ Rc7 31. Qa5 Rxb7 32. Bxc5 1-0

[Event "London Classic op 11th"]
[Site "London"]
[Date "2019.11.30"]
[Round "3"]
[White "Johnson, Daniel"]
[Black "Mata, Adilson"]
[Result "1/2-1/2"]
[WhiteElo "2186"]
[BlackElo "1928"]
[PlyCount "74"]
[EventDate "2019.11.29"]
[EventType "swiss"]
[EventRounds "9"]
[EventCountry "ENG"]
[SourceTitle "CBM 193 Extra"]
[Source "ChessBase"]
[SourceDate "2020.01.31"]
[SourceVersion "1"]
[SourceVersionDate "2020.01.31"]
[SourceQuality "1"]

1. d4 Nf6 2. c4 e6 3. Nc3 Bb4 4. Qc2 0-0 5. Nf3 d5 6. cxd5 exd5 7. Bg5 h6 8. Bh4 c5 9. dxc5 g5 10. Bg3 Ne4 11. e3 Qa5 12. Rc1 Qxa2 13. Bd3 Bxc3+ 14. bxc3 Qxc2 15. Bxc2 Nxg3 16. hxg3 Kg7 17. Rd1 Be6 18. e4 dxe4 19. Bxe4 Re8 20. 0-0 Nc6 21. Bxc6 bxc6 22. Rd6 a5 23. Ra1 a4 24. Ra3 Bb3 25. Nd4 Re1+ 26. Kh2 Be6 27. Rxc6 g4 28. Rb6 Bd7 29. c6 Ra5 30. Rb5 Rxb5 31. Nxb5 Bxc6 32. Nd4 Bd7 33. Ra2 Rc1 34. Ne2 Rd1 35. Nf4 Bb5 36. c4 Bc6 37. Nd5 Bxd5 1/2-1/2

[Event "Ascona op 14th"]
[Site "Ascona"]
[Date "2019.04.27"]
[Round "2"]
[White "Koch Mueller, Oscar"]
[Black "Mata, Adilson"]
[Result "1-0"]
[WhiteElo "1814"]
[BlackElo "2003"]
[PlyCount "167"]
[EventDate "2019.04.26"]
[EventType "swiss"]
[EventRounds "5"]
[EventCountry "SUI"]
[SourceTitle "CBM 190 Extra"]
[Source "ChessBase"]
[SourceDate "2019.07.15"]
[SourceVersion "1"]
[SourceVersionDate "2019.07.15"]
[SourceQuality "1"]

1. c4 e5 2. Nc3 Nf6 3. g3 d5 4. cxd5 Nxd5 5. Bg2 Nb6 6. e3 Nc6 7. Nge2 Bg4 8. d4 exd4 9. Bxc6+ bxc6 10. Qxd4 Bh3 11. Qe4+ Be7 12. Qxc6+ Bd7 13. Qe4 0-0 14. 0-0 Re8 15. Rd1 Bd6 16. Qc2 h5 17. e4 h4 18. Bf4 hxg3 19. hxg3 Bxf4 20. Nxf4 c6 21. Na4 Nxa4 22. Qxa4 Qe7 23. Rd4 Reb8 24. b3 Qf6 25. Rad1 Bg4 26. Rd6 Qe5 27. Qd4 Qa5 28. Rd2 Re8 29. Rxc6 Rxe4 30. Qxe4 Qxd2 31. Rc7 Rd8 32. Qe7 Qd1+ 33. Kh2 Bh5 34. Nxh5 Qxh5+ 35. Qh4 Qd5 36. Qf4 Rd6 37. f3 Rh6+ 38. Kg2 Qh5 39. Rc8+ Kh7 40. Qh4 Qxh4 41. gxh4 Rd6 42. Kg3 Rd2 43. a4 Rb2 44. Rb8 Kg6 45. Kf4 Rh2 46. Kg3 Rb2 47. a5 f6 48. b4 a6 49. Rb6 Kh5 50. Rb7 Kh6 51. Rb8 Kg6 52. Kf4 Rb1 53. Ke4 Rh1 54. Rb6 Rxh4+ 55. f4 Kf7 56. Rxa6 g5 57. b5 Rxf4+ 58. Kd5 Rf1 59. Rc6 Rd1+ 60. Ke4 Ra1 61. a6 Ra5 62. Rc7+ Kg6 63. a7 f5+ 64. Kd3 Ra3+ 65. Kd2 Ra2+ 66. Kc3 f4 67. b6 f3 68. Kb3 Ra6 69. b7 f2 70. b8Q f1Q 71. Qg8+ Kh5 72. Qh7+ Kg4 73. Rc4+ Kg3 74. Rc3+ Kg4 75. Qd7+ Kh5 76. Rh3+ Kg6 77. Qh7+ Kf6 78. Rh6+ Ke5 79. Qe7+ Kd4 80. a8Q Rxa8 81. Qd6+ Ke4 82. Re6+ Kf3 83. Rf6+ Kg2 84. Qd5+ 1-0

[Event "Locarno op 4th"]
[Site "Locarno"]
[Date "2019.04.06"]
[Round "3"]
[White "Mata, Adilson"]
[Black "Anand, Aryan"]
[Result "1-0"]
[WhiteElo "2003"]
[BlackElo "1676"]
[PlyCount "65"]
[EventDate "2019.04.05"]
[EventType "swiss"]
[EventRounds "5"]
[EventCountry "SUI"]
[SourceTitle "CBM 190 Extra"]
[Source "ChessBase"]
[SourceDate "2019.07.15"]
[SourceVersion "1"]
[SourceVersionDate "2019.07.15"]
[SourceQuality "1"]

1. e4 c5 2. Nc3 a6 3. a4 Nc6 4. Bc4 e6 5. f4 d6 6. Nf3 g6 7. 0-0 Bg7 8. f5 exf5 9. d3 Nge7 10. Ng5 Ne5 11. exf5 Bxf5 12. g4 Bxg4 13. Bxf7+ Kd7 14. Qe1 h6 15. h3 hxg5 16. hxg4 Rf8 17. Bb3 Nf3+ 18. Rxf3 Rxf3 19. Qe6+ Kc7 20. Bxg5 Qf8 21. Qxe7+ Qxe7 22. Nd5+ Kd7 23. Bxe7 Re8 24. Re1 Be5 25. Bh4 g5 26. Kg2 Ref8 27. Rxe5 dxe5 28. Bg3 Kd6 29. Nc3 Kc6 30. Bd5+ Kd6 31. Bxf3 b6 32. Ne4+ Ke7 33. Nxg5 1-0

[Event "Bobadela Mestres"]
[Site "Bobadela"]
[Date "2002.01.10"]
[Round "6"]
[White "Mata, Adilson"]
[Black "Leonardo, Joao Paulo L"]
[Result "0-1"]
[WhiteElo "2248"]
[BlackElo "2230"]
[PlyCount "115"]
[EventDate "2002.01.05"]
[EventType "tourn"]
[EventRounds "9"]
[EventCountry "POR"]
[EventCategory "3"]
[SourceTitle "CBM 086 Extra"]
[Source "ChessBase"]
[SourceDate "2002.03.14"]
[SourceVersion "1"]
[SourceVersionDate "2002.03.14"]
[SourceQuality "1"]

1. d4 d6 2. e4 Nf6 3. Nc3 g6 4. f4 Bg7 5. Nf3 0-0 6. Bd3 Na6 7. 0-0 c5 8. e5 Nd7 9. Be3 cxd4 10. Bxd4 dxe5 11. fxe5 Nac5 12. Bc4 e6 13. b4 Na6 14. a3 Qc7 15. Qe2 Nb6 16. Bb3 Bd7 17. Ne4 Nd5 18. Nf6+ Nxf6 19. exf6 Bh6 20. Qe4 Bc6 21. Qh4 Qf4 22. Qh3 Bxf3 23. c3 Bg4 24. Rxf4 Bxh3 25. Rh4 Bxg2 26. Rxh6 Be4 27. Rf1 Bf5 28. Rf2 Nb8 29. Bc5 Nd7 30. Be7 Rfc8 31. c4 Ne5 32. Rf4 g5 33. Rf1 Bg6 34. c5 Nc6 35. Bd6 Nd4 36. Rh3 g4 37. Re3 h5 38. Ba4 a6 39. Rd1 Nf5 40. Re2 Rd8 41. Kf2 Kh7 42. Red2 Nxd6 43. Rxd6 Rf8 44. Ke3 Bf5 45. Rb6 a5 46. b5 Rfc8 47. c6 bxc6 48. Rxc6 Rxc6 49. bxc6 Kg6 50. c7 Rc8 51. Rc1 e5 52. Bb5 Kxf6 53. Ba6 Ra8 54. c8Q Bxc8 55. Bxc8 Rb8 56. Rf1+ Ke7 57. Ba6 Rb3+ 58. Ke4 0-1

[Event "Bobadela Mestres"]
[Site "Bobadela"]
[Date "2002.01.08"]
[Round "4"]
[White "Mata, Adilson"]
[Black "Padeiro, Jose Joao Tato"]
[Result "0-1"]
[WhiteElo "2248"]
[BlackElo "2187"]
[PlyCount "134"]
[EventDate "2002.01.05"]
[EventType "tourn"]
[EventRounds "9"]
[EventCountry "POR"]
[EventCategory "3"]
[SourceTitle "CBM 086 Extra"]
[Source "ChessBase"]
[SourceDate "2002.03.14"]
[SourceVersion "1"]
[SourceVersionDate "2002.03.14"]
[SourceQuality "1"]

1. d4 Nc6 2. c4 e5 3. d5 Nce7 4. Nc3 Ng6 5. e4 Bb4 6. Bd3 Nf6 7. Nge2 0-0 8. h4 h6 9. h5 Ne7 10. g4 Nxg4 11. f3 Nf6 12. Be3 Kh8 13. Qd2 Neg8 14. 0-0-0 d6 15. Rdg1 Ba5 16. Bg5 Bd7 17. Bh4 Qc8 18. Ng3 Bb6 19. Rg2 c6 20. Kb1 a6 21. Nf5 Bxf5 22. exf5 cxd5 23. Nxd5 Nxd5 24. cxd5 f6 25. f4 Bd4 26. fxe5 Bxe5 27. Bf2 Rf7 28. Bb6 Qe8 29. Rhg1 Rc8 30. Rg4 Re7 31. a3 Qxh5 32. Rg6 Qh2 33. R1g2 Qh4 34. R2g4 Qh1+ 35. Rg1 Qxd5 36. Be3 Bxb2 37. Bxh6 Nxh6 38. Kxb2 Qd4+ 39. Kb1 Qc3 40. Qxc3 Rxc3 41. Bc2 Rxa3 42. Rd1 Rd7 43. Re1 Ra5 44. Re8+ Kh7 45. Rg1 Re5 46. Rb8 d5 47. Rh1 Rde7 48. Kb2 b5 49. Ra8 Re1 50. Rh3 R1e3 51. Rh1 b4 52. Rxa6 Rb7 53. Bb3 Re2+ 54. Kc1 Rbe7 55. Kd1 Rb2 56. Bc2 b3 57. Bd3 Re3 58. Kc1 Ra2 59. Bb5 Rxa6 60. Bxa6 Kg8 61. Rf1 Kf8 62. Rf4 Ke7 63. Kb2 Kd6 64. Bc8 Ke5 65. Rf2 Nf7 66. Rg2 Nd6 67. Bd7 Nc4+ 0-1